000
00235nam a2200121Ia 4500
100
_a
LAMARR/HEDY
942
_c
BK
245
_a
ECSTASY AND ME:MY LIFE AS AWOMEN
260
_b
#N/A
300
_a
237
546
_a
ENGLISH
999
_c
24842
_d
24842